000 00433 a2200133 4500
001 ART_12490
005 20260410161907.0
008 260409a
245 1 0 _aTwo-step two-tage least squares estimation in models with rational expectations
100 1 _aCumby, Robert E.
700 1 _aHuizinga, John
700 1 _aObstfeld, Maurice
773 0 _tJournal of econometrics
_g- Vol. 21, NÂș 3 (abr. 1983)
_wREV11720
999 _c26419
_d26419